000 00603nam a2200217Ii 4500
003 JO-AjNU
008 230606s9999||||xx |||||||||||||| ||und||
020 _a81-261-1675-7
040 _aJO-AjNU
_beng
_erda
_cJO-AjNU
041 _aeng
050 1 4 _aT58.6.2009
100 3 _akumar,mittal,
_eauthor
_91169
245 0 0 _amanagement information system
250 _a1 ed
264 3 1 _aNewDELHI:ANAMOL PUPLICATION ,2009
300 _a356p
336 _atext
_btxt
_2rdacontent
337 _aunmediated
_bn
_2rdamedia
338 _avolume
_bnc
_2rdacarrier
650 4 _amanagement information system
_91170
999 _aE613
_c613
_d613